00000000nam##2200000za#4500
0019.699076
003CaOODSP
00520210625000223
007cr |||||||||||
008150407|1988||||xxc|||||o    f|0| 0 eng|d
040 |aCaOODSP|beng
043 |an-cn---
0861 |aA43-1789/1988E-PDF
1101 |aCanada.|bAgriculture Canada. |bCommunications Branch.
24510|aOutbreak alert |h[electronic resource]
260 |bAgriculture Canada. |c1985, reprinted 1988.
300 |a6p.|billus.
500 |aHistorical publication digitized by Agriculture and Agri-Food Canada.
590 |a14-11-Supp|b2014-05-21
69007|aAnimal diseases|2gcpds
69007|aFood safety|2gcpds
77508|tGare aux maladies exotiques |w(CaOODSP)9.643059
85640|ahttp://publications.gc.ca|qPDF|s598 KB|uhttps://publications.gc.ca/collections/collection_2014/aac-aafc/agrhist/A43-1789-1988-eng.pdf
986 |a1789/B